[Event "ch-POL Rapid 2014"]
[Site "Trzcianka POL"]
[Date "2014.04.13"]
[Round "4.1"]
[White "Wojtaszek,R"]
[Black "Malaniuk,V"]
[Result "0-1"]
[WhiteElo "2716"]
[BlackElo "2554"]

1.d4 f5 2.g3 Nf6 3.Bg2 g6 4.c4 Bg7 5.Nc3 O-O 6.Nf3 d6 7.O-O Qe8 8.d5 Na6
9.Rb1 Bd7 10.Nd4 c6 11.dxc6 bxc6 12.b4 Nxb4 13.Rxb4 c5 14.Ncb5 cxb4 15.Nc7 Qc8
16.Nxa8 Ne4 17.Nc2 Qxa8 18.Nxb4 Be6 19.Nd5 Bxd5 20.cxd5 Nc3 21.Qd3 Nxa2 22.Bg5 Qb7
23.e4 Nc3 24.exf5 Rxf5 25.Bd2 Qb5 26.Qe3 Qe2 27.Bh3 Qxe3 28.Bxe3 Re5 29.Bxa7 Nxd5
30.f4 Re2 31.Bg4 Rd2 32.Be6+ Kf8 33.f5 Bf6 34.Rf2 Rxf2 35.Kxf2 Nc7 36.Bd7 gxf5
37.Bxf5 Kg7 38.Kf3 Nb5 39.Be3 d5 40.h4 e5 41.Be6 e4+ 42.Kf4 d4 43.Bd2 e3
44.Bb4 e2 45.Kf3 d3 46.Bc4 Nc3 47.Kf2 d2 48.Bxe2 d1=Q 49.Bxd1 Nxd1+ 50.Kf3 Nb2
51.Ke4 Kg6 52.Be1 h5 53.Ba5 Nd1 54.Bb6 Nc3+ 55.Kf3 Kf5 56.Be3 Be5 57.Bf2 Nd5
58.Be1 Nf6 59.Bf2 Ne8 60.Be1 Nc7 61.Bd2 Ne6 62.Be3 Bd4 63.Bd2 Nc5 64.Bb4 Nd3
65.Bd6 Bc5 66.Bc7 Ne1+ 67.Ke2 Nc2 68.Kf3 Nd4+ 69.Kg2 Kg4 70.Be5 Nf5 71.Bf4 Bd6
72.Bg5 Bxg3 73.Bf6 Ne3+ 74.Kg1 Bxh4 75.Bd4 Nf5 76.Be5 Bg5 77.Bc7 h4  0-1

[Event "ch-POL Rapid 2014"]
[Site "Trzcianka POL"]
[Date "2014.04.13"]
[Round "5.10"]
[White "Cukrowski,F"]
[Black "Wojtaszek,R"]
[Result "0-1"]
[WhiteElo "2220"]
[BlackElo "2716"]

1.e4 c6 2.d4 d5 3.Nc3 dxe4 4.Nxe4 Nd7 5.Bd3 Ngf6 6.Ng5 e6 7.N1f3 Bd6 8.Qe2 h6
9.Ne4 Nxe4 10.Qxe4 Qc7 11.Bd2 b6 12.O-O-O Bb7 13.Qe2 O-O-O 14.c4 c5 15.Be4 Nf6
16.Bxb7+ Qxb7 17.dxc5 Bxc5 18.Bc3 Qe4 19.Qxe4 Nxe4 20.Bxg7 Rhg8 21.Bxh6 Rxd1+
22.Rxd1 Rxg2 23.h4 Rxf2 24.Ne5 f6 25.Nc6 a5 26.Na7+ Kb8 27.Nb5 e5 28.Re1 Ng3
29.Bd2 Rh2 30.a3 Rxh4 31.b4 axb4 32.axb4 Rxc4+  0-1

[Event "ch-POL Rapid 2014"]
[Site "Trzcianka POL"]
[Date "2014.04.13"]
[Round "6.6"]
[White "Wojtaszek,R"]
[Black "Shkapenko,P"]
[Result "1-0"]
[WhiteElo "2716"]
[BlackElo "2406"]

1.d4 Nf6 2.Bg5 Ne4 3.Bf4 d5 4.e3 Bf5 5.f3 Nf6 6.c4 c6 7.Nc3 e6 8.g4 Bg6 9.h4 h6
10.Qb3 b5 11.cxd5 exd5 12.h5 Bh7 13.Nh3 Nbd7 14.Qd1 a6 15.Bd3 Bxd3 16.Qxd3 c5
17.Qf5 cxd4 18.exd4 Bb4 19.Kf2 Qb6 20.Rhe1+ Kd8 21.Rad1 Bxc3 22.bxc3 Rc8
23.g5 hxg5 24.Nxg5 Rf8 25.Re3 Rc6 26.Rde1 g6 27.hxg6 fxg6 28.Ne6+ Kc8 29.Qg5 Re8
30.Nc5 Rxe3 31.Bxe3 Nxc5 32.dxc5 Qc7 33.Rh1 Nh5 34.Bd4 Re6 35.Qg4 Qd7 36.Rb1 Kc7
37.a4 Kc6 38.axb5+ axb5 39.Ra1 Qe8 40.Ra6+ Kd7 41.Ra7+ Kc6 42.Ra6+ Kd7 43.Rd6+ Kc7  1-0

[Event "ch-POL Rapid 2014"]
[Site "Trzcianka POL"]
[Date "2014.04.13"]
[Round "7.3"]
[White "Brodowski,P"]
[Black "Wojtaszek,R"]
[Result "0-1"]
[WhiteElo "2441"]
[BlackElo "2716"]

1.c4 Nf6 2.g3 c6 3.Bg2 d5 4.Qc2 Bg4 5.b3 Nbd7 6.Bb2 e6 7.d3 Be7 8.Nd2 O-O
9.Ngf3 a5 10.a3 Qb6 11.O-O Qa6 12.h3 Bh5 13.Kh2 Rfc8 14.Rfe1 b5 15.Nd4 Bg6
16.f4 bxc4 17.bxc4 c5 18.Nb5 dxc4 19.Bxa8 cxd3 20.exd3 Qxa8 21.Nc4 Nd5 22.Rad1 Bf8
23.Nc3 N5b6 24.Ne4 a4 25.Ba1 Nd5 26.Qg2 Qc6 27.Ne5 Nxe5 28.Bxe5 f6 29.Ba1 Rb8
30.Rb1 Rb3 31.Qc2 Qb5 32.Red1 Ne3 33.Qe2 Bxe4 34.Rxb3 Qxb3 35.Re1 Nc2 36.Qxe4 Nxe1
37.Qxe1 Kf7  0-1

[Event "ch-POL Rapid 2014"]
[Site "Trzcianka POL"]
[Date "2014.04.13"]
[Round "9.1"]
[White "Fridman,D"]
[Black "Wojtaszek,R"]
[Result "1/2-1/2"]
[WhiteElo "2616"]
[BlackElo "2716"]

1.d4 Nf6 2.c4 e6 3.Nc3 Bb4 4.Qc2 O-O 5.Nf3 c5 6.dxc5 Na6 7.g3 Nxc5 8.Bg2 b6
9.O-O Bb7 10.Nb5 Be4 11.Qd1 a6 12.Nd6 Bc6 13.Bd2 Bxd2  1/2-1/2

[Event "6th Lublin GM Rapid 2014"]
[Site "Lublin POL"]
[Date "2014.05.11"]
[Round "1.1"]
[White "Wojtaszek,R"]
[Black "Moiseenko,A1"]
[Result "1/2-1/2"]
[WhiteElo "2724"]
[BlackElo "2707"]

1.d4 Nf6 2.c4 e6 3.Nf3 d5 4.Nc3 Bb4 5.e3 O-O 6.Bd3 c5 7.O-O cxd4 8.exd4 dxc4
9.Bxc4 b6 10.Bg5 Bb7 11.Re1 Nbd7 12.Rc1 Be7 13.a3 Re8 14.Qd3 Rc8 15.Bb5 Nd5
16.Nxd5 Bxd5 17.Rxc8 Qxc8 18.Rc1 Qd8 19.Bxe7 Rxe7 20.Qc3 Bxf3 21.Qc8 Qxc8
22.Rxc8+ Nf8 23.gxf3 g5 24.Bc6 Kg7 25.b4 Ng6 26.Kf1 Nf4 27.Ke1 h5 28.Kd2 h4
29.a4 f5 30.a5 bxa5 31.bxa5 Rf7 32.a6 Rf8 33.Rc7+ Rf7 34.Rc8 Rf8 35.Rc7+ Rf7
36.Rb7 Kf6 37.Kc3 Rf8 38.Kb4 Rc8 39.Bd7 Rc2 40.Rxa7 Nd5+ 41.Kb3 Rxf2 42.Rb7 Rxf3+
43.Kb2 Rf2+ 44.Kb3 Rf3+ 45.Kb2 Rf2+ 46.Kb3 Rf3+ 47.Kb2 Rf2+ 48.Ka3 Rf3+  1/2-1/2

[Event "6th Lublin GM Rapid 2014"]
[Site "Lublin POL"]
[Date "2014.05.11"]
[Round "2.2"]
[White "Areshchenko,A"]
[Black "Wojtaszek,R"]
[Result "1/2-1/2"]
[WhiteElo "2701"]
[BlackElo "2724"]

1.e4 c6 2.d4 d5 3.e5 Bf5 4.Nf3 e6 5.Be2 Ne7 6.c3 Nd7 7.O-O Nc8 8.Na3 Bxa3
9.bxa3 Ncb6 10.Bg5 f6 11.exf6 gxf6 12.Bf4 Qe7 13.Qb3 Nf8 14.Nh4 Be4 15.f3 Bg6
16.a4 Rd8 17.Rfe1 Kf7 18.Bf1 Nc8 19.Re3 Nd6 20.Rae1 h5 21.Bxd6 Rxd6 22.g3 f5
23.f4 Nh7 24.c4 Re8 25.Nf3 Kg7 26.c5 Rd7 27.a5 a6 28.Ne5 Rc7 29.Qb6 Nf8 30.Nf3 Rd7
31.Ng5 Qf6 32.Re5 Rde7 33.Qb2 Nd7 34.R5e2 Nf8 35.Qd2 Bf7 36.Bg2 Qg6 37.Nf3 Nd7
38.Nh4 Qh7 39.Bh3 Kf8 40.Qe3 Nf6 41.Rb1 Ne4 42.Reb2 Bg8 43.Nf3 Rg7 44.Bg2 Ree7
45.Nh4 Qh6 46.Kh1 Qf6 47.Rb4 Bh7 48.R1b3 Bg6 49.Qe1 Be8 50.Qc1 Rc7 51.Qb2 Qe7
52.Re3 Kg8 53.Re1 Qf6 54.Qe2 Rxg3 55.Bxe4 Qxh4 56.Bxf5 exf5 57.Qxe8+ Kh7
58.Qe5 Rcg7 59.Qxf5+ R3g6 60.Rg1 Qxf4 61.Qxh5+ Kg8 62.Qxg6 Rxg6 63.Rxg6+ Kh7
64.Rg2 Qf1+ 65.Rg1 Qf3+ 66.Rg2 Qf1+ 67.Rg1  1/2-1/2

[Event "6th Lublin GM Rapid 2014"]
[Site "Lublin POL"]
[Date "2014.05.11"]
[Round "3.3"]
[White "Efimenko,Z"]
[Black "Wojtaszek,R"]
[Result "1/2-1/2"]
[WhiteElo "2648"]
[BlackElo "2724"]

1.e4 c6 2.d4 d5 3.exd5 cxd5 4.Bd3 Nc6 5.c3 Qc7 6.h3 e6 7.Nf3 Bd6 8.O-O Nge7
9.Na3 Bxa3 10.bxa3 Bd7 11.Re1 h6 12.a4 Na5 13.Ne5 Nac6 14.Bf4 Qa5 15.Nxd7 Kxd7
16.Qb3 Rhc8 17.Qxb7+ Ke8 18.Qb3 Kf8 19.Rab1 Kg8 20.Rec1 Qd8 21.Ba6 Na5 22.Qb4 Rc6
23.Bb5 Rcc8 24.Qd6 a6 25.Qxd8+ Rxd8 26.Bd3 Nc4 27.Rb7 Nc6 28.Bxc4 dxc4 29.Rcb1 Rac8
30.R1b6 Rd5 31.Rc7 Rxc7 32.Bxc7 Ne7 33.Rxa6 Rd7 34.Ba5 Nd5 35.Rc6 Rb7 36.Rxc4 Rb1+
37.Kh2 Rb2 38.Rc8+ Kh7 39.c4 Nf4 40.Bc7 Nd3 41.c5 Rxf2 42.c6 Rc2 43.Bg3 f5
44.Be5 f4 45.Rf8 Rxc6 46.Bxf4 Rc2 47.Bg3 Rxa2 48.Rf3 Nb4 49.Re3 Nc6 50.Rxe6 Nxd4
51.Re3 Nf5 52.Rf3 Nxg3  1/2-1/2

[Event "TCh-POL Ekstraligi 2014"]
[Site "Gorzow POL"]
[Date "2014.05.16"]
[Round "1.1"]
[White "Wojtaszek,R"]
[Black "Mazurkiewicz,M"]
[Result "1-0"]
[WhiteElo "2724"]
[BlackElo "2223"]

1.d4 Nf6 2.Nf3 b5 3.Bg5 Ne4 4.Bh4 a6 5.Nbd2 Bb7 6.e3 g6 7.Bd3 f5 8.c3 Nxd2
9.Nxd2 d5 10.g4 fxg4 11.Qxg4 Qd7 12.Qg3 Nc6 13.f4 O-O-O 14.Nb3 Re8 15.Nc5 Qd6
16.b4 Bg7 17.Kd2 e5 18.fxe5 Nxe5 19.dxe5 Bxe5 20.Qg4+ Kb8 21.Bg3 Bc8 22.Bxe5 Rxe5
23.Qg3 Qe7 24.Rhf1 Re8 25.Rae1 Rg5 26.Qf4 Rg4 27.Qf3 Qh4 28.Qf7 Qxh2+ 29.Be2 Re5
30.Rh1 Qg2 31.Rxh7  1-0

[Event "TCh-POL Ekstraligi 2014"]
[Site "Gorzow POL"]
[Date "2014.05.18"]
[Round "3.1"]
[White "Wojtaszek,R"]
[Black "Dziuba,M"]
[Result "1-0"]
[WhiteElo "2724"]
[BlackElo "2570"]

1.d4 Nf6 2.c4 Nc6 3.Nf3 e6 4.Nc3 Bb4 5.Qc2 d6 6.Bd2 O-O 7.a3 Bxc3 8.Bxc3 Qe7
9.e3 a5 10.b3 e5 11.d5 Nb8 12.Nd2 c6 13.dxc6 Nxc6 14.Bd3 Be6 15.O-O h6 16.Rac1 d5
17.cxd5 Nxd5 18.Bb2 Rac8 19.Qb1 Nb6 20.f4 f6 21.Nf3 Bf7 22.Nh4 Rfd8 23.Nf5 Qd7
24.Be4 Bd5 25.fxe5 fxe5 26.Rf3 Ne7 27.Nxh6+ gxh6 28.Rg3+ Kf8 29.Rf1+ Ke8
30.Bg6+ Nxg6 31.Qxg6+ Bf7 32.Qxb6 Rc2 33.Qxh6 Qe6 34.Qh8+ Ke7 35.Qh4+ Ke8
36.Rg7 Rdd2 37.Qh8+ Ke7 38.Bxe5 Rxg2+ 39.Rxg2 Rxg2+ 40.Kxg2 Qg4+ 41.Kf2  1-0

[Event "HUN-POL Friendly Match m 2014"]
[Site "Budapest HUN"]
[Date "2014.06.08"]
[Round "1.3"]
[White "Wojtaszek,R"]
[Black "Berkes,F"]
[Result "1-0"]
[WhiteElo "2715"]
[BlackElo "2665"]

1.d4 Nf6 2.c4 e6 3.Nc3 Bb4 4.Nf3 O-O 5.Bg5 c5 6.e3 h6 7.Bh4 cxd4 8.exd4 Qa5
9.Bd3 Bxc3+ 10.bxc3 Qxc3+ 11.Kf1 Nh5 12.g3 f5 13.Rc1 Qa3 14.Ne5 Nf6 15.Ng6 Rf7
16.Kg2 b6 17.Re1 Bb7+ 18.d5 Na6 19.Ne5 g5 20.Nxf7 Kxf7 21.Re3 Qf8 22.Qf3 Nc5
23.Kg1 Re8 24.Bb1 Qg8 25.Rce1 Qg6 26.Bxg5 hxg5 27.Re5 Kg7 28.Qc3 Rh8 29.f3 Qh6
30.R5e2 Kf7 31.Qe5 Qf8 32.g4 d6 33.dxe6+ Ke7 34.Qxf5 Qh6 35.Rf2 Rf8 36.Qg6 Qxg6
37.Bxg6 Rh8 38.Bf5 Rh4 39.Re3 d5 40.cxd5 Nxd5 41.Re5 Kf6 42.Rfe2 Ne7 43.Kg2 Rh8
44.Kg3 Nc6 45.Rd5 Ne7 46.Rde5 Nc6 47.Rd5 Ne7 48.Rde5 Ba6 49.Re1 Nd3 50.Bxd3 Bxd3
51.R5e3 Bc4 52.Re4 Bd5 53.Rd4 Rc8 54.h4 gxh4+ 55.Kxh4 Ng6+ 56.Kg3 Bxe6 57.Rd6 Nf8
58.Re3 Kf7 59.f4 Rc4 60.f5 Bd7 61.Ra3 Ke7 62.Rh6 Ba4 63.g5 b5 64.Re3+ Kd7
65.Rf6 Rc8 66.g6 Bc2 67.Kg4 b4 68.g7 Nh7 69.Rh6 Rg8 70.Rxh7 a5 71.Kg5 a4
72.Kf6 b3 73.axb3 axb3 74.Rh8  1-0

[Event "HUN-POL Friendly Match m 2014"]
[Site "Budapest HUN"]
[Date "2014.06.10"]
[Round "3.5"]
[White "Wojtaszek,R"]
[Black "Rapport,R"]
[Result "0-1"]
[WhiteElo "2715"]
[BlackElo "2701"]

1.d4 e6 2.c4 f5 3.g3 Nf6 4.Bg2 Be7 5.Nf3 d5 6.O-O Ne4 7.Ne5 Nd7 8.Nxd7 Bxd7
9.cxd5 exd5 10.Qb3 Bc6 11.Nd2 a5 12.Nf3 Bd6 13.Bf4 Bxf4 14.gxf4 Qd6 15.Qe3 O-O
16.Ne5 a4 17.Rac1 Bb5 18.Rc2 c6 19.Qh3 Qe7 20.Re1 a3 21.b3 Rf6 22.Bxe4 fxe4
23.e3 Rh6 24.Qg3 Rf8 25.Kh1 Rf5 26.Rg1 Rfh5 27.f3 exf3 28.Rf2 Be2 29.Qg4 g6
30.f5 Qh4 31.Qxh4 Rxh4 32.Ng4 R6h5 33.Nf6+ Kg7 34.Nxh5+ Rxh5 35.fxg6 hxg6
36.Rc1 Kf6 37.Rc2 Ke6 38.Kg1 Rg5+ 39.Kh1 Rh5 40.Kg1 g5 41.b4 g4 42.Rc3 Kf5
43.Rxa3 Rh8 44.Rc3 Ra8 45.a3 Ke4 46.Rb3 Rg8 47.a4 g3 48.hxg3 Rxg3+ 49.Kh2 Rg8
50.a5 Rf8 51.Kg3 Rh8 52.Rxe2 Rg8+ 53.Kf2 Rg2+ 54.Kf1 fxe2+ 55.Ke1 Rh2 56.Ra3 Kf3
57.e4+ Kxe4 58.a6 bxa6 59.Kd2 Kxd4 60.Rxa6 Rh6 61.Kxe2 Kc4 62.Rb6 d4 63.Rb8 d3+  0-1

[Event "HUN-POL Friendly Match m 2014"]
[Site "Budapest HUN"]
[Date "2014.06.11"]
[Round "4.3"]
[White "Balogh,C"]
[Black "Wojtaszek,R"]
[Result "0-1"]
[WhiteElo "2648"]
[BlackElo "2715"]

1.e4 c5 2.Nf3 d6 3.d4 cxd4 4.Nxd4 Nf6 5.Nc3 a6 6.g3 e5 7.Nb3 Be7 8.Bg2 O-O
9.O-O Be6 10.Re1 Nbd7 11.Nd2 b5 12.Nf1 Nb6 13.Ne3 b4 14.Ncd5 Nfxd5 15.exd5 Bd7
16.Bd2 a5 17.a3 bxa3 18.Rxa3 a4 19.Bb4 Qb8 20.c3 Bg5 21.Ra1 f5 22.Qh5 Bxe3
23.Rxe3 Nc4 24.Re2 Ra7 25.Rc2 Bb5 26.Re1 Raf7 27.Bf1 Rf6 28.Qd1 e4 29.f4 exf3
30.Bxc4 Bxc4 31.Qxf3 f4 32.g4 Re8 33.Re4 Qc8 34.h3 Rxe4 35.Qxe4 f3 36.Rd2 h6
37.Kf2 Be2 38.Rd4 Qd8 39.Qe3 Rf7 40.g5 hxg5 41.Qe6 Bb5 42.Qxd6 Bd7 43.Re4 g4
44.Re7 Rf6 45.Qg3 Qb6+ 46.Re3 gxh3  0-1

[Event "HUN-POL Friendly Match m 2014"]
[Site "Budapest HUN"]
[Date "2014.06.12"]
[Round "5.1"]
[White "Wojtaszek,R"]
[Black "Erdos,V"]
[Result "1/2-1/2"]
[WhiteElo "2715"]
[BlackElo "2647"]

1.d4 d5 2.c4 c6 3.Nf3 Nf6 4.e3 a6 5.Bd2 Bf5 6.Qb3 Ra7 7.Nc3 e6 8.Nh4 Be4
9.cxd5 cxd5 10.f3 Bg6 11.Nxg6 hxg6 12.Bd3 Nc6 13.O-O Bd6 14.g3 O-O 15.Rac1 Qe7
16.Na4 e5 17.dxe5 Nxe5 18.Nb6 Bc5 19.Be2 Rd8 20.Na4 Nc4 21.Bxc4 dxc4 22.Qxc4 Rxd2
23.Qxc5 b5 24.Qxe7 Rxe7 25.Nc5 Rxe3 26.Rf2 Ree2 27.Rxe2 Rxe2 28.Nxa6 Rxb2
29.Nc7 b4 30.Rc4 b3 31.axb3 Rxb3  1/2-1/2